Uçurum insanları / (Kayıt no. 3003)

MARC ayrıntıları
000 -BAŞLIK
Sabit Uzunluktaki Kontrol Alanı 00542nam a22001937a 4500
003 - KONTROL NUMARASI KİMLİĞİ
Kontrol Alanı KOHA_MİRAKIL
005 - EN SON İŞLEM TARİHİ ve ZAMANI
Kontrol Alanı 20240930101033.0
008 - SABİT UZUNLUKTAKİ VERİ ÖGELERİ - GENEL BİLGİ
Sabit Alan 240929b2023 tu ||||| |||| 00| 0 tur d
020 ## - ISBN - ULUSLARARASI STANDART KİTAP NUMARASI
Isbn 9789750514418
040 ## - KATALOGLAMA KAYNAĞI
Özgün Kataloglama Kurumu TR-AnABB
Kataloglama Dili tur
Çeviri Kurumu TR-AnABB
041 ## - DİL KODU
Metin ya da ses kaydının dil kodu tur
082 ## - DEWEY ONU SINIFLAMA SİSTEMİ
Sınıflama Numarası 828.3352
Cutter numarası LON 2023
100 ## - KİŞİ ADI
Yazar Adı (Kişi adı) London, Jack,
İsimle ilişkili tarihler 1876-1916.
245 #0 - ESER ADI BİLDİRİMİ
Başlık Uçurum insanları /
Sorumluluk Bildirimi Jack London.
260 ## - YAYIN, DAĞITIM, VB.
Yayın Yeri İstanbul :
Yayınevi İletişim Yayınları,
Yayın Tarihi 2023.
300 ## - FİZİKSEL TANIMLAMA
Sayfa, Cilt vb. 198 sayfa ;
Boyutları 20 cm.
650 ## - KONU BAŞLIĞI EK GİRİŞ - KONU TERİMİ
Konusal terim veya coğrafi ad Amerikan edebiyatı, roman
942 ## - EK GİRİŞ ÖGELERİ (KOHA)
Sınıflama Kaynağı Dewey Decimal Classification
Materyal Türü Kitap
Mevcut
Geri Çekilme Durumu Kayıp Durumu Sınıflandırma Kaynağı Kredi için değil Kalıcı Konum Mevcut Konum Kayıt Tarih Edinim Kaynağı Toplam Ödünçverme Yer Numarası Demirbaş Numarası Son Görülme Tarihi Fatura Tarihi Materyal Türü
    Dewey Decimal Classification   Büyükşehir Genç Akademi Batıkent Büyükşehir Genç Akademi Batıkent 24/10/2025     828.3352 LON 2023 ABB124939 24/10/2025 24/10/2025 Kitap
    Dewey Decimal Classification   Kolej TED Çalışma İstasyonu Kolej TED Çalışma İstasyonu 29/09/2024     828.3352 LON 2023 ABB104013 30/09/2024 30/09/2024 Kitap